Sbírka příkladů z chemie : určeno pro posl.HuF [hutnická fakulta], HGF [hornicko-geologická fakulta], SF [strojní fakulta], 1. roč. /

Hlavní autor: Tržil, Jan, 1931-
Další autoři: Rosenfeld, Robert, 1927-
Jazyk: Čeština
Vydáno: Ostrava : Vysoká škola báňská, 1976
Vydání: 1. vyd.
Fyzický popis: 251 s. : [1] tb. příl. ; 4°
Knihy
Uloženo v:
LEADER 01027nam a22002772a 4500
001 000349567
003 CZ BrMZK
005 20050630122312.0
007 ta
008 980105s1976 xr f cze d
015 |a cnb000410474 
035 |a (OCoLC)42181719 
040 |a ABA001  |b cze  |c HKA001  |d ABA001  |d BOA001 
080 |a 54(076.5)(075.8)  |2 undef 
100 1 |a Tržil, Jan,  |d 1931-  |7 jk01140273  |4 aut 
245 1 0 |a Sbírka příkladů z chemie :  |b určeno pro posl.HuF [hutnická fakulta], HGF [hornicko-geologická fakulta], SF [strojní fakulta], 1. roč. /  |c autoři: Jan Tržil, Robert Rosenfeld 
250 |a 1. vyd. 
260 |a Ostrava :  |b Vysoká škola báňská,  |c 1976 
300 |a 251 s. :  |b [1] tb. příl. ;  |c 4° 
500 |a S obr. a tb. v textu 
500 |a 2000 výt. 
700 1 |a Rosenfeld, Robert,  |d 1927-  |7 ola200208158  |4 aut 
910 |a BOA001  |b 4-0779.658 
990 |a BK 
991 |b 200506 
996 6 |b 2610254978  |c 4-0779.658  |l MZK  |r Sklad / do 1 hodiny  |n 0  |p dar xerox  |w 000349567  |u 000020  |a 1  |e BOA001  |j MZK50  |s P